Loading...
| History - European History | 0 | 2 | 0 | 2 | 20 | 113 | 115.50 | 0 | 2 |
| Current Events | 0 | 2 | 0 | 0 | 20 | 84 | 97.00 | 0 | 2 |
| Fine Arts - Other Arts | 0 | 2 | 0 | 0 | 20 | 98 | 98.50 | 1 | 2 |
| Geography | 0 | 2 | 0 | 1 | 20 | 91 | 102.00 | 0 | 0 |
| Literature - American Literature | 1 | 0 | 0 | 0 | 15 | 87 | 87.00 | 0 | 1 |
| Auditory Arts | 0 | 1 | 0 | 0 | 10 | 91 | 91.00 | 0 | 1 |
| History - World History | 0 | 1 | 0 | 0 | 10 | 85 | 85.00 | 0 | 1 |
| Other Academic | 0 | 1 | 0 | 0 | 10 | 66 | 66.00 | 0 | 1 |
| Science - Other Science | 0 | 1 | 0 | 0 | 10 | 95 | 95.00 | 1 | 1 |
| History - Other History | 0 | 1 | 0 | 0 | 10 | 123 | 123.00 | 0 | 0 |
| History - American History | 0 | 1 | 1 | 0 | 5 | 89 | 89.00 | 0 | 1 |
| Social Science | 0 | 1 | 1 | 0 | 5 | 119 | 119.00 | 0 | 1 |
| Beliefs | 0 | 0 | 1 | 0 | -5 | 0.00 | 0 | 0 |